书目信息 |
| 题名: |
新编计算机英语
|
|
| 作者: | 王忠民 编 | |
| 分册: | ||
| 出版信息: | 西安 西北电子科技大学出版社 1999.01 |
|
| 页数: | 309页 | |
| 开本: | 16开 | |
| 丛书名: | ||
| 单 册: | ||
| 中图分类: | H319.4 | |
| 科图分类: | ||
| 主题词: | 英语 | |
| 电子资源: | ||
| ISBN: | 7-5606-0650-4 | |
| 000 | 00556nam0 2200193 45 | |
| 001 | 0009221047 | |
| 005 | 20000922101048.1 | |
| 010 | @a7-5606-0650-4@d20.00元 | |
| 100 | @a20000922d1999 km y0chiy0120 ea | |
| 101 | 0 | @achi |
| 105 | @a z 000yy | |
| 200 | 1 | @a新编计算机英语@AXin Bian Ji Suan Ji Ying Yu@f王忠民等编@FWang Zhong Min Deng Bian |
| 210 | @a西安@c西北电子科技大学出版社@d1999.01 | |
| 215 | @a309页@d16开 | |
| 606 | 0 | @a英语 |
| 690 | @aH319.4@v3 | |
| 701 | 0 | @a王忠民@4编 |
| 801 | @aCN@bPftUser@c20000922 | |
| 905 | @b150814-818@dH319.4@eW545@f5 | |
| 新编计算机英语/王忠民等编.-西安:西北电子科技大学出版社,1999.01 |
| 309页;16开 |
| ISBN 7-5606-0650-4:20.00元 |
| ● |
| 相关链接 |
|
|
|
正题名:新编计算机英语
索取号:H319.4/W545
 
预约/预借
| 序号 | 登录号 | 条形码 | 馆藏地/架位号 | 状态 | 备注 |
| 1 | 150814 | 201508145 | 语言库209/209语言库 49排4列2层/ [索取号:H319.4/W545] | 在馆 | |
| 2 | 150815 | 201508154 | 语言库209/209语言库 49排4列2层/ [索取号:H319.4/W545] | 在馆 | |
| 3 | 150816 | 201508163 | 语言库209/209语言库 49排4列2层/ [索取号:H319.4/W545] | 在馆 | |
| 4 | 150817 | 201508172 | 语言库209/209语言库 49排4列2层/ [索取号:H319.4/W545] | 在馆 | |
| 5 | 150818 | 201508181 | 语言库209/209语言库 49排4列2层/ [索取号:H319.4/W545] | 在馆 |